Oxford Advanced Learner's Dictionary of Current English (Record no. 2338)

MARC details
000 -LEADER
fixed length control field 00345nam a22001097a 4500
008 - FIXED-LENGTH DATA ELEMENTS--GENERAL INFORMATION
fixed length control field 160712b xxu||||| |||| 00| 0 eng d
100 ## - MAIN ENTRY--PERSONAL NAME
9 (RLIN) 2689
Personal name Hornby, A.S
245 ## - TITLE STATEMENT
Title Oxford Advanced Learner's Dictionary of Current English
260 ## - PUBLICATION, DISTRIBUTION, ETC. (IMPRINT)
Place of publication, distribution, etc. N.Y
Name of publisher, distributor, etc. Oxford
Date of publication, distribution, etc. 2005
300 ## - PHYSICAL DESCRIPTION
Extent Oxford Advanced Learner's Dictionary of Current English
942 ## - ADDED ENTRY ELEMENTS (KOHA)
Source of classification or shelving scheme Dewey Decimal Classification
Koha item type BOOK
Holdings
Withdrawn status Lost status Source of classification or shelving scheme Damaged status Not for loan Home library Current library Shelving location Date acquired Total Checkouts Full call number Barcode Date last seen Price effective from Koha item type
    Dewey Decimal Classification     Good Samaritan School Library Good Samaritan School Library   07/12/2016   423 HOR4001 07/12/2016 07/12/2016 BOOK

Powered by Koha